[Event "Avoine op 20th"]
[Site "Avoine"]
[Date "2005.07.27"]
[Round "5"]
[White "Vekemans, Denis"]
[Black "Giraudo, Samuel"]
[Result "0-1"]
[WhiteElo "2024"]
[BlackElo "2068"]
[PlyCount "92"]
[EventDate "2005.07.23"]
[EventType "swiss"]
[EventRounds "9"]
[EventCountry "FRA"]
[SourceTitle "EXT 2007"]
[Source "ChessBase"]
[SourceDate "2006.11.23"]
[SourceVersion "1"]
[SourceVersionDate "2006.11.23"]
[SourceQuality "1"]

1. e4 c6 2. d4 d5 3. Nc3 g6 4. e5 Bg7 5. Nf3 Bg4 6. h3 Bxf3 7. Qxf3 f6 8. Bf4 Nd7 9. Qe3 fxe5 10. dxe5 Qb6 11. Qg3 d4 12. Ne4 Qa5+ 13. c3 dxc3 14. bxc3 Bxe5 15. Be2 Bxf4 16. Qxf4 Qe5 17. Qf3 Ngf6 18. Nd2 0-0 19. 0-0 Nd5 20. Nc4 Qe6 21. Qd3 Nf4 22. Bg4 Qxg4 23. hxg4 Nxd3 24. Na5 N7c5 25. Rad1 Rad8 26. Rd2 Nf4 27. Rb2 Rd7 28. Nc4 Rfd8 29. Ne5 Rd2 30. Rb4 Nfd3 31. Nxd3 R8xd3 32. Rc4 b6 33. Kh2 Rxa2 34. Re1 e6 35. f3 Rdd2 36. Kg3 g5 37. f4 Rxg2+ 38. Kf3 Raf2+ 39. Ke3 gxf4+ 40. Kd4 Rd2+ 41. Ke5 Nd3+ 42. Kf6 Nxe1 43. Rxc6 Rd8 44. Rxe6 f3 45. Rxe1 f2 46. Rf1 Rg1 0-1

[Event "FRA-ch U20"]
[Site "Calvi"]
[Date "2005.04.20"]
[Round "5"]
[White "Bijaoui, Manuel"]
[Black "Giraudo, Samuel"]
[Result "1-0"]
[WhiteElo "2345"]
[BlackElo "2030"]
[PlyCount "83"]
[EventDate "2005.04.??"]
[EventType "swiss"]
[EventRounds "9"]
[EventCountry "FRA"]
[SourceTitle "EXT 2006"]
[Source "ChessBase"]
[SourceDate "2005.11.24"]
[SourceVersion "1"]
[SourceVersionDate "2005.11.24"]
[SourceQuality "1"]

1. e4 c6 2. d4 d5 3. Nd2 dxe4 4. Nxe4 Bf5 5. Ng3 Bg6 6. Nf3 Nd7 7. h4 h6 8. h5 Bh7 9. Bd3 Bxd3 10. Qxd3 e6 11. Bf4 Qa5+ 12. Bd2 Qc7 13. 0-0-0 0-0-0 14. Kb1 Ngf6 15. c4 c5 16. Bc3 Bd6 17. Ne4 Nxe4 18. Qxe4 Nf6 19. Qe2 Rhe8 20. Ne5 Bxe5 21. dxe5 Nd7 22. Qg4 Rg8 23. Qf4 f6 24. Qg4 Nxe5 25. Qxe6+ Kb8 26. b3 Rge8 27. Qf5 Qc8 28. Qf4 Ka8 29. Rd5 Rxd5 30. cxd5 Qd7 31. Rd1 Qd6 32. Qe4 Re7 33. f4 Nf7 34. Qg6 Nd8 35. Qf5 Kb8 36. g4 Nf7 37. Qg6 Nh8 38. Qh7 Qd8 39. g5 fxg5 40. fxg5 hxg5 41. Bxg7 Nf7 42. Bf6 1-0

[Event "FRA-ch U20"]
[Site "Calvi"]
[Date "2005.04.19"]
[Round "3"]
[White "Pietrasanta, Jeremy"]
[Black "Giraudo, Samuel"]
[Result "1-0"]
[WhiteElo "2220"]
[BlackElo "2030"]
[PlyCount "50"]
[EventDate "2005.04.??"]
[EventType "swiss"]
[EventRounds "9"]
[EventCountry "FRA"]
[SourceTitle "EXT 2006"]
[Source "ChessBase"]
[SourceDate "2005.11.24"]
[SourceVersion "1"]
[SourceVersionDate "2005.11.24"]
[SourceQuality "1"]

1. e4 c6 2. d3 d5 3. Nd2 e5 4. Ngf3 Bd6 5. g3 Nf6 6. Bg2 0-0 7. 0-0 Nbd7 8. b3 Re8 9. Bb2 Qc7 10. Re1 Nf8 11. a3 Bg4 12. h3 Bd7 13. Nh4 Rad8 14. Nf5 Bc5 15. b4 Bb6 16. Qf3 d4 17. Nh6+ gxh6 18. Qxf6 Re6 19. Qf3 Rg6 20. Qe2 Ne6 21. Kh2 Kh8 22. Nf3 Rdg8 23. Rg1 Qd8 24. Bc1 Qf8 25. Bd2 Bd8 1-0

[Event "France-ch U18"]
[Site "Reims"]
[Date "2004.04.19"]
[Round "3"]
[White "Giraudo, Samuel"]
[Black "Perez, Flavio"]
[Result "0-1"]
[WhiteElo "2030"]
[BlackElo "2211"]
[PlyCount "82"]
[EventDate "2004.04.??"]
[EventType "swiss"]
[EventRounds "9"]
[EventCountry "FRA"]
[SourceTitle "EXT 2005"]
[Source "ChessBase"]
[SourceDate "2004.11.15"]
[SourceVersion "1"]
[SourceVersionDate "2004.11.15"]
[SourceQuality "1"]

1. d4 d5 2. c4 c6 3. cxd5 cxd5 4. Nf3 Nf6 5. Nc3 Nc6 6. Bf4 Ne4 7. e3 Nxc3 8. bxc3 g6 9. Be2 Bg7 10. 0-0 0-0 11. c4 dxc4 12. Bxc4 a6 13. Rc1 Bf5 14. Qe2 Rc8 15. Rfd1 b5 16. Bd3 Be6 17. Bb1 Bc4 18. Qe1 Qa5 19. Qxa5 Nxa5 20. Nd2 Rfd8 21. Nxc4 Nxc4 22. Be4 Rd7 23. Rc2 e5 24. Bg3 f5 25. Bf3 f4 26. Bg4 Rcc7 27. Bxd7 Rxd7 28. exf4 exd4 29. Rd3 Nb6 30. Rcd2 Na4 31. f3 Nc5 32. Bf2 Nxd3 33. Rxd3 Kf7 34. Kf1 Ke6 35. Ke2 Kd5 36. Ra3 Rd6 37. Kd3 Rc6 38. Be1 Bf8 39. Rb3 Rc1 40. Kd2 Ra1 41. Rb2 Ba3 0-1